000 00809nam a2200265 i 4500
001 000014198
003 DO-SdBNP
005 20260127130546.0
007 ta
008 270126s2013 dr 000 0 spa d
040 _aDO-SdBNP
_bspa
_cBNPHU
_erda
041 _aspa
082 4 _axxx
_bR426
_222
100 _988901
110 _aRepública Dominicana
_bOficina Nacional de Estadistica
_95775
245 1 0 _aPlan Estadístico Nacional República Dominicana 2013-2016 :
_bmás y mejores estadisticas para el desarrollo nacional
264 1 _aSanto Domingo :
_bONE,
_c2013.
300 _a202 páginas ;
_c28 cm.
336 _atexto
_btxt
_2rdacontent
337 _asin mediación
_bn
_2rdamedia
338 _avolumen
_bnc
_2rdacarrier
590 _aInventariado,2025/DG
910 _aDG
942 _2ddc
_cLBS1
999 _c60145
_d60145